| 000 | 00000nam##2200000za#4500 |
| 001 | 9.580842 |
| 003 | CaOODSP |
| 005 | 20210624191232 |
| 007 | cr ||||||||||| |
| 008 | 150406|2001||||xxc|||||o f|0| 0 eng|d |
| 040 | |aCaOODSP|beng |
| 043 | |an-cn--- |
| 086 | 1 |aNH18-22/101-115E-PDF |
| 110 | 2 |aCanada Mortgage and Housing Corporation. |
| 245 | 10|aCommissioning Guide for the Toronto Healthy Houses Water Systems |h[electronic resource] |
| 250 | |aRevised 2007 |
| 260 | |aOttawa - Ontario : |bCanada Mortgage and Housing Corporation |cc2001, 2007. |
| 300 | |a4p. |
| 490 | 1 |aResearch and development highlights; technical series |v01-115 |
| 500 | |aFile reproduced from original print. |
| 590 | |a14-16-Supp|b2014-09-25 |
| 775 | 08|tGuide de mise en service des réseaux d'alimentation en eau et de recyclage des maisons écologiques de Toronto / |w(CaOODSP)9.607782 |
| 830 | #0|aResearch and development highlights; technical series ;|v01-115|w(CaOODSP)9.504481 |
| 856 | 40|ahttp://publications.gc.ca|qPDF|s76 KB|uhttps://publications.gc.ca/collections/collection_2014/schl-cmhc/NH18-22-101-115-eng.pdf|y01-115 |